Datum a čas kvízu
28
Celkem bodů
Celkový počet nahraných bodů na tomto kvízu bez doplňovacích otázek.
7.
Pořadí na kvízu
Konečné umístění týmu na tomto kvízu.
Zaznamenané odpovědi
| # | Otázka | Odpověď | Body | Výsledky |
|---|---|---|---|---|
| 1. | Minulý týden jsme s napětím sl... | Pákistán | 1 | |
| 2. | Majitel zkrachovalé taxislužb... | K pěstování zeleniny. | 1 | |
| 3. | Známý podnikatel, matematik a... | Karel Janeček | 0 | |
| 4. | Minulý týden byl oznámen defin... | Orlen | 1 | |
| 5. | Tento 28letý český kanoista vy... | Martin Fuksa | 1 | |
| 6. | Před několika týdny jsme si bl... | Valencie | 0 | |
| 7. | V Madridu, ale i ve zbytku Špa... | patatas bravas/papas bravas | 0 | |
| 8. | Název jistého španělského alko... | sangria | 1 | |
| 9. | Španělské chorizo se vyrábí z... | (mletá/uzená) paprika | 1 | |
| 10. | Jak se nazývá tato oblíbená šp... | churros | 1 |